| 000 | 01451nam a2200301 i 4500 | ||
|---|---|---|---|
| 999 |
_c43857 _d43857 |
||
| 001 | 768717001 | ||
| 003 | CO-MdFUSB | ||
| 005 | 20200116094413.0 | ||
| 008 | 170516t1984 us |||| |||| 00| 0 eng d | ||
| 020 | _a0-8006-1762-2 / Donación. | ||
| 040 |
_aCO-MdFUSB _bspa _cCO-MdFUSB _dCO-MdFUSBC _erda |
||
| 041 | 0 | _aeng | |
| 082 | 0 | 4 |
_a23 _2G 220.6 _b G7611s |
| 100 | 1 |
_aGrant, Robert _eautor |
|
| 245 | 2 |
_aA short history of the interpretation of the bible _c / Robert Grant ; David Tracy |
|
| 250 | _a2 | ||
| 264 |
_aMinneapolis, Minnesota : _bFortress Press, _c[1984] |
||
| 300 |
_a213 páginas _c; 23 cm |
||
| 336 |
_2rdacontent _atexto _btxt |
||
| 337 |
_2rdamedia _asin mediación _bn |
||
| 338 |
_2rdacarrier _avolumen _bnc |
||
| 505 | 0 | _aJesús y el Antiguo Testamento. -- Pablo y el AntiguoTestamento. -- el Antiguo Testamento en el nuevo. -- la biblia en el segundo siglo. -- La escuela de Alejandría -- La escuela de Antioquía. -- La biblia en la edad media. -- La biblia en la reforma.--La subida del racionalismo. -- Modernismo romano-católico. -- La interpretación protestante moderna. -- La interpretación de la biblia y la teoría de la interpretación. -- La interpretación teológica de la biblia hoy. -- La interpretación teológica de la escrituras en la iglesia: la perspectiva y la retrospectiva | |
| 563 | _aRústico | ||
| 653 | _aInterpretación de la Biblia | ||
| 700 | _eautor | ||
| 942 | _cBK | ||
| 945 | _aJTF-925 | ||